Municipalities of Bergen County - Statistics

General Stats
  • This quiz has been taken 1,417 times
    1,388 since last reset
  • The average score is 44 of 70
Answers on the Map
Answers color-coded by a green-red scale on the quiz's map according to % correct below.
 
Answer Stats
Municipality % Correct
Mahwah
88%
Paramus
86%
Hackensack
85%
Alpine
83%
Fort Lee
80%
Teaneck
80%
Ridgewood
78%
Englewood
76%
Ramsey
75%
Tenafly
74%
East Rutherford
73%
Rutherford
72%
Saddle River
72%
Bergenfield
71%
Edgewater
71%
Montvale
71%
Upper Saddle River
71%
Englewood Cliffs
70%
Franklin Lakes
70%
Wyckoff
70%
Closter
69%
Dumont
69%
Ho-Ho-Kus
69%
Old Tappan
69%
Demarest
68%
Oradell
68%
Cresskill
67%
Fair Lawn
67%
Garfield
67%
Oakland
67%
Westwood
67%
Lodi
66%
Allendale
65%
Washington Township
64%
Northvale
63%
Emerson
61%
Hillsdale
61%
Glen Rock
60%
Palisades Park
60%
River Edge
60%
River Vale
60%
South Hackensack
60%
Bogota
59%
Leonia
59%
Teterboro
59%
Cliffside Park
58%
Norwood
58%
Park Ridge
58%
Ridgefield
58%
Waldwick
58%
Woodcliff Lake
57%
Lyndhurst
56%
New Milford
56%
Haworth
55%
North Arlington
55%
Maywood
54%
Midland Park
53%
Ridgefield Park
53%
Elmwood Park
52%
Harrington Park
52%
Hasbrouck Heights
51%
Saddle Brook
51%
Carlstadt
50%
Little Ferry
50%
Moonachie
50%
Rockleigh
49%
Fairview
47%
Wallington
47%
Wood-Ridge
44%
Rochelle Park
42%
No matching quizzes found
Score Distribution
Percent of People with Each Score
Percentile by Number Answered
Your Score History
You have not taken this quiz since the last reset